Aplikácia dažďomerných údajov v hydrogeologických modeloch
Uložené v:
| Hlavný autor: | |
|---|---|
| Médium: | Rukopis Kniha |
| Jazyk: | Slovak |
| Vydavateľské údaje: |
Bratislava :
STU v Bratislave SvF,
1995
|
| Tagy: |
Žiadne tagy, Buďte prvý, kto otaguje tento záznam!
|
MARC
| LEADER | 00000ntm a22000003a 4500 | ||
|---|---|---|---|
| 001 | stu52859 | ||
| 005 | 20150617225703.4 | ||
| 008 | 000329s1995----xo------------------slo-d | ||
| 040 | |a STU |b slo | ||
| 041 | 0 | |a slo | |
| 044 | |a xo | ||
| 080 | |a 556.12(043.3) | ||
| 080 | |a 551.508.7(043.3) | ||
| 080 | |a 628.212(043.3) | ||
| 100 | 1 | |a Stanko, Štefan, |d 1964- |4 aut |u V280 |U SvF Stavebná fakulta |T SvF Katedra zdravotného inžinierstva |X 2740 |U V280 |Y 29 |7 A000002740 | |
| 245 | 1 | |a Aplikácia dažďomerných údajov v hydrogeologických modeloch | |
| 260 | |a Bratislava : |b STU v Bratislave SvF, |c 1995 | ||
| 300 | |a 147 s.;tab.,schémy |c 3 príl. | ||
| 996 | |b 284V037514 |c V*2101/DP-675 |l VVS |s P |a 0 |w stu52859_0001 | ||